000 00759nam a2200265Ia 4500
003 OSt
005 20220928130333.0
006 a|||||r|||| 00| 0
007 ta
008 220927b |||||||| |||| 00| 0 eng d
020 _c3775.6799999999998
024 _a115151
037 _b296, 17/02/2012, N.R.Book Distributors
_cTextual
040 _aSDCL
_cSDCL
_beng
041 _2eng
_aeng
082 _aL:4:56, Q2
100 _aMurphy Kenneth
245 0 _aJaneway's immunobiology.
250 _a8
260 _aLondon
_bGarland Science
_c2012
300 _axx,868p
_ccm.
650 _aPlant Molecular Bio
_9417564
942 _hL:4:56, Q2
_cTEXL
_2CC
999 _c786145
_d786145